| 000 | nam a22 7a 4500 | ||
|---|---|---|---|
| 999 |
_c15692 _d15692 |
||
| 008 | 161103b xxu||||| |||| 00| 0 eng d | ||
| 020 | _a9780073397818 | ||
| 050 | _aGN 49 .P49 2009 | ||
| 100 | _d2009 | ||
| 245 | _aPhysical anthropology 09/10. | ||
| 250 | _a18th ed | ||
| 260 |
_aBoston: _bMcGraw-Hill, _c2009. |
||
| 300 | _axviii,213p. | ||
| 650 | _aphysical anthropolgy-periodicals. | ||
| 942 |
_2lcc _cBOOKS _hGN 49 .P49 2009 |
||